Central Library || Chittagong University

Understanding the mass media : (Record no. 112856)

MARC details
000 -LEADER
fixed length control field 00462nam a22001577a 4500
003 - CONTROL NUMBER IDENTIFIER
control field BD-ChCU
005 - DATE AND TIME OF LATEST TRANSACTION
control field 20260511103037.0
008 - FIXED-LENGTH DATA ELEMENTS--GENERAL INFORMATION
fixed length control field 260511b bg ||||| |||| 00| 0 ben d
040 ## - CATALOGING SOURCE
Transcribing agency BD-ChCU
082 ## - DEWEY DECIMAL CLASSIFICATION NUMBER
Classification number 370.15 TUU
100 ## - MAIN ENTRY--PERSONAL NAME
Personal name Tucker , Nigholas .
9 (RLIN) 22745
245 ## - TITLE STATEMENT
Title Understanding the mass media :
Remainder of title a practical approach for teaching ./
Statement of responsibility, etc. Nigholas , Tucker.
260 ## - PUBLICATION, DISTRIBUTION, ETC.
Place of publication, distribution, etc. Cambridge :
Name of publisher, distributor, etc. Univ press,
Date of publication, distribution, etc. C 1967.
300 ## - PHYSICAL DESCRIPTION
Extent ix , 198p.
942 ## - ADDED ENTRY ELEMENTS (KOHA)
Source of classification or shelving scheme Dewey Decimal Classification
Koha item type Books
Suppress in OPAC No
Holdings
Withdrawn status Lost status Source of classification or shelving scheme Damaged status Not for loan Home library Current library Shelving location Date acquired Source of acquisition Total Checkouts Full call number Barcode Date last seen Copy number Price effective from Koha item type
    Dewey Decimal Classification     Chittagong University Library Chittagong University Library Business and Social Science Reading Room 05/11/2026 Purchase   370.15 TUU 30135 05/11/2026 C-1 05/11/2026 Books
© Copyright 2026. Chittagong University Library, Installation and Maintenance by Prof. Dr. Md. Alamgir, 01711306253